Análisis del film /

Պահպանված է:
Մատենագիտական մանրամասներ
Հիմնական հեղինակ: Aumont, Jacques (autor)
Այլ հեղինակներ: Marie, Michel (autor) (autor), Losilla, Carlos (traducción) (traducción)
Ձևաչափ: Գիրք
Լեզու:իսպաներեն
Հրապարակվել է: Barcelona, España : Paidós, 1990, c1990
Շարք:(Paidós Comunicación ; 42)
Խորագրեր:
Ցուցիչներ: Ավելացրեք ցուցիչ

MARC

LEADER 00000nam^a2200000^a^4500
001 000030915
005 20250521000000.0
009 20260310085022.132
020 |a 84-7509-620-4 
037 |a Acervo ITESO - Biblioteca 
041 |a ESP 
082 |a 302. 23501  |b AUM 
100 |a Aumont, Jacques  |e (autor) 
245 1 0 |a Análisis del film /  |c J. Aumont, M. Marie ; tr. por C. Losilla. 
264 4 |a Barcelona, España :  |b Paidós,  |c 1990, c1990 
300 |a 311 p. 
336 |a texto  |b txt  |2 rdacontenido 
337 |a sin mediación  |b n  |2 rdamedio 
338 |a volumen  |b nc  |2 rdasoporte 
440 1 |a (Paidós Comunicación ;  |v 42) 
500 |a Traducción de: L'analyse des films 
649 |a XX 
650 |a Cine -  |x Historia y Crítica -  |x Teoría 
650 |a Cine -  |x Teoría -  |x Tema Principal 
650 |a Psicoanálisis y Semiótica 
650 |a Semiótica y Comunicación 
700 |a Marie, Michel  |e (autor) 
700 |a Losilla, Carlos  |e (traducción) 
910 |a Fondo General 
920 |a Impresos - Libros 
930 |a Colección General 
905 |a 101 
901 |a 0309150100  |b IT1  |c ACC  |i 030915  |u 20250521 
901 |a 0309150200  |b IT1  |c ACC  |i 907869  |u 20250521 
902 |a https://opac.biblio.iteso.mx/vufind/Record/000030915